| 000 | 01073nam a2200265 i 4500 | ||
|---|---|---|---|
| 001 | 32159 | ||
| 003 | ES-MaACL | ||
| 005 | 20230906154525.0 | ||
| 007 | t| | ||
| 008 | 030227s1860 fr a d 001 0 spa d | ||
| 080 | _a5/6(038) | ||
| 245 | 0 | 0 |
_aDiccionario de medicina, cirujía [sic], farmacia, medicina legal, física, química, botánica, mineralogía, zoología y veterinaria / _csacado de las obras de Nysten, Bricheteau, O. Henry, J. Briand, Jourdan etc. ; aumentado... y revisado por... José Castells. |
| 260 |
_aParís : _bLibrería de Rosa y Bouret, _c1860. |
||
| 300 |
_a2 v. : _bil. ; _c17 cm. |
||
| 650 | 4 |
_aCiencias- _vDiccionarios. _910973 |
|
| 650 | 4 |
_aMedicina- _vDiccionarios. _914897 |
|
| 650 | 4 |
_aFarmacia- _vDiccionarios. _9164849 |
|
| 650 | 4 |
_aFísica- _vDiccionarios. _9165122 |
|
| 650 | 4 |
_aQuímica- _vDiccionarios. _916626 |
|
| 650 | 4 |
_aBotánica- _xDiccionarios. _9150273 |
|
| 650 | 4 |
_aMineralogía- _vDiccionarios. _9159350 |
|
| 650 | 4 |
_aVeterinaria- _vDiccionarios. _9174185 |
|
| 700 | 1 |
_aCastells, José. _936588 |
|
| 852 | 4 |
_aES-MaACL _jF-12895-96 |
|
| 999 |
_c32159 _d32159 |
||